Jugendschutz: Gesetz zum Schutze der Jugend in der Öffentlichkeit, Gesetz über die Verbreitung jugendgefährdender Schriften und Medieninhalte und andere Vorschriften ; Textausgabe mit Erläuterungen
Textausgabe der beiden wichtigsten Jugendschutzgesetze mit ausführlichen Erläuterungen (BA 11/85). Im Anhang weitere Vorschriften aus den Bereichen Strafrecht, Gewerberecht, Medienrecht. Neuauflage aktualisiert (Internet u.a.), ältere Auflagen (zuletzt 1992) sollten unbedingt ersetzt werden. - Zur E...
| Autor principal: | |
|---|---|
| Tipo de documento: | Print Libro |
| Lenguaje: | Alemán |
| Publicado: |
München
Beck
1999
|
| En: | Año: 1999 |
| Edición: | 3. Aufl. |
| Acceso en línea: |
Índice Índice |
| Disponibilidad en Tübingen: | Disponible en Tübingen. IFK: F III 264 |
| Verificar disponibilidad: | HBZ Gateway |
| Servicio de pedido Subito: | Pedir ahora. |
| Palabras clave: |
MARC
| LEADER | 00000cam a2200000 c 4500 | ||
|---|---|---|---|
| 001 | 254673015 | ||
| 003 | DE-627 | ||
| 005 | 20260206153737.0 | ||
| 007 | tu | ||
| 008 | 990212s1999 gw ||||| 00| ||ger c | ||
| 015 | |a 99,N08,0307 |2 dnb | ||
| 015 | |a 99,A16,0658 |2 dnb | ||
| 016 | 7 | |a 955676045 |2 DE-101 | |
| 020 | |a 3406450202 |c kart. : DM 34.00 |9 3-406-45020-2 | ||
| 035 | |a (DE-627)254673015 | ||
| 035 | |a (DE-603)06146676X | ||
| 035 | |a (DE-576)074662244 | ||
| 035 | |a (DE-599)DNB955676045 | ||
| 035 | |a (OCoLC)237325810 | ||
| 035 | |a (OCoLC)237325810 | ||
| 035 | |a (OCoLC)44108307 | ||
| 040 | |a DE-627 |b ger |c DE-627 |e rakwb | ||
| 041 | |a ger | ||
| 044 | |c XA-DE | ||
| 050 | 0 | |a KK3576 | |
| 082 | 0 | |a 346.430135 | |
| 082 | 0 | 4 | |a 14 |q dnb |
| 084 | |a R 461,2 |2 sfb | ||
| 084 | |a 19 |a 14 |a 20 |2 sdnb | ||
| 084 | |a PQ 5340 |2 rvk |0 (DE-625)rvk/139283: | ||
| 084 | |a 86.80 |2 bkl | ||
| 100 | 1 | |8 1\p |a Scholz, Rainer |d 19XX- |0 (DE-588)126136189X |0 (DE-627)1808547845 |4 aut | |
| 109 | |a Scholz, Rainer 19XX- | ||
| 245 | 1 | 0 | |a Jugendschutz |b Gesetz zum Schutze der Jugend in der Öffentlichkeit, Gesetz über die Verbreitung jugendgefährdender Schriften und Medieninhalte und andere Vorschriften ; Textausgabe mit Erläuterungen |c von Rainer Scholz |
| 246 | 3 | 3 | |a Gesetz zum Schutze der Jugend in der Öffentlichkeit |
| 246 | 3 | 3 | |a Gesetz über die Verbreitung jugendgefährdender Schriften und Medieninhalte |
| 250 | |a 3. Aufl. | ||
| 264 | 1 | |a München |b Beck |c 1999 | |
| 300 | |a XIII, 209 S. |c 20 cm | ||
| 336 | |a Text |b txt |2 rdacontent | ||
| 337 | |a ohne Hilfsmittel zu benutzen |b n |2 rdamedia | ||
| 338 | |a Band |b nc |2 rdacarrier | ||
| 490 | 0 | |a Beck'sche Gesetzestexte mit Erläuterungen | |
| 505 | 8 | |a Includes index | |
| 520 | |a Textausgabe der beiden wichtigsten Jugendschutzgesetze mit ausführlichen Erläuterungen (BA 11/85). Im Anhang weitere Vorschriften aus den Bereichen Strafrecht, Gewerberecht, Medienrecht. Neuauflage aktualisiert (Internet u.a.), ältere Auflagen (zuletzt 1992) sollten unbedingt ersetzt werden. - Zur Erstinformationen für Betriebe, Verwaltungen, Verbände, Eltern und Jugendliche. (1 S) (LK/E: Rehder) | ||
| 591 | |a Standing-Order ekz-Modell Recht | ||
| 650 | 0 | |a Children |x Legal status, laws, etc |x Germany | |
| 650 | 0 | |a Obscenity (Law) |x Germany | |
| 650 | 0 | 7 | |0 (DE-588)4028935-7 |0 (DE-627)106276441 |0 (DE-576)20898013X |a Jugendschutz |2 gnd |
| 650 | 4 | |a Jugendschutz | |
| 650 | 4 | |a Kommentar | |
| 650 | 4 | |a Gesetz, Staatsvertrag, Jugendschutz, Vorschrift, Verbot, Gewerberecht, Schrift, Erlass, Rundfunkrecht | |
| 651 | 7 | |0 (DE-588)4011882-4 |0 (DE-627)104704861 |0 (DE-576)208896155 |a Deutschland |2 gnd | |
| 651 | 4 | |a Deutschland | |
| 655 | 7 | |a Kommentar |0 (DE-588)4136710-8 |0 (DE-627)104500719 |0 (DE-576)209671467 |2 gnd-content | |
| 689 | 0 | 0 | |d g |0 (DE-588)4011882-4 |0 (DE-627)104704861 |0 (DE-576)208896155 |a Deutschland |2 gnd |
| 689 | 0 | 1 | |d s |0 (DE-588)4028935-7 |0 (DE-627)106276441 |0 (DE-576)20898013X |a Jugendschutz |2 gnd |
| 689 | 0 | |5 DE-101 | |
| 856 | 4 | 2 | |u http://www.gbv.de/dms/ilmenau/toc/254673015schol.PDF |m V:DE-601 |m B:DE-ilm1 |q pdf/application |x Verlag |y Inhaltsverzeichnis |3 Inhaltsverzeichnis |7 1 |
| 856 | 4 | 2 | |u https://scans.hebis.de/HEBCGI/show.pl?06146676_toc.pdf |m V:DE-603;B:DE-17 |q application/pdf |3 Inhaltsverzeichnis |7 1 |
| 883 | |8 1\p |a cgwrk |d 20241001 |q DE-101 |u https://d-nb.info/provenance/plan#cgwrk | ||
| 936 | r | v | |a PQ 5340 |b Kommentare |k Rechtswissenschaft |k Sozialrecht |k Besonderes Sozialrecht innerhalb der SGB |k SGB VIII: Kinder- und Jugendhilfe |k Kommentare |0 (DE-627)1377739848 |0 (DE-625)rvk/139283: |0 (DE-576)307739848 |
| 936 | b | k | |a 86.80 |j Jugendrecht |0 (DE-627)181572028 |
| 936 | s | n | |a p100 |2 mzub |
| 936 | s | n | |a m200 |2 mzub |
| 936 | s | n | |a m100 |2 mzub |
| 951 | |a BO | ||
| ELC | |b 1 | ||
| LOK | |0 000 xxxxxcx a22 zn 4500 | ||
| LOK | |0 001 3080708830 | ||
| LOK | |0 003 DE-627 | ||
| LOK | |0 004 254673015 | ||
| LOK | |0 005 20020411000000 | ||
| LOK | |0 008 990628||||||||||||||||ger||||||| | ||
| LOK | |0 040 |a DE-21-110 |c DE-627 |d DE-21-110 | ||
| LOK | |0 852 |a DE-21-110 | ||
| LOK | |0 852 1 |c F III 264 |m p |9 00 | ||
| LOK | |0 935 |a k110 | ||
| LOK | |0 936ln |a 5.5.1 | ||
| LOK | |0 938 |k p | ||
| LOK | |0 939 |a 28-06-99 |b l01 | ||
| ORI | |a SA-MARC-krimdoka001.raw | ||
| SIG | |a IFK: F III 264 | ||
| TIM | |a 100019901003_100020261231 |b 1990-10-03 - 2026 | ||
